Yearbook of finnish foreign policy 1982

Saved in:
Bibliographic Details
Format: Book
Language:English
Published: Helsinky Finnish Institute of International Affairs 1982
Tags: Add Tag
No Tags, Be the first to tag this record!

MARC

LEADER 00000nam a2200000 4500
001 c133218
005 20041019155257.5
041 0 |a eng 
044 |a FI 
245 1 0 |a Yearbook of finnish foreign policy 1982 
264 1 |a Helsinky  |b Finnish Institute of International Affairs  |c 1982 
300 |a 64 s.